| 000 | 00475nam a2200133 a 4500 | ||
|---|---|---|---|
| 008 | 120416s1980 ||||||||||||||||| || u | ||
| 050 | _aHT 395.G7 Bur | ||
| 100 | _aBurke, Gerald L | ||
| 245 | 1 | 0 | _aTown planning and the surveyor |
| 260 |
_aLondon _bEstates Gazette _c1980 |
||
| 300 | _ax, 254p. : ill | ||
| 350 | _a0.00 | ||
| 995 |
_D0.00 _FCBU-MAIN LIBRARY (Kitwe) _H1 _I0.00 _UAVAILABLE _ZAnnex Low-Usage Collection |
||
| 999 |
_c60091 _d60091 |
||